000 00212 a2200109 4500
020 _a9780771541476
041 _aeng
100 _aLalie Harcourt
245 _aThe singing Skateboard
942 _cBK
952 _71
999 _c18800
_d18800